000 00339nam a22001457a 4500
082 _a591.1
_bMAR/A
100 _aMARIAKUTTIKAN, A
100 _aARUMUGAM, N
245 _aANIMAL PHYSIOLOGY
250 _aFIRST EDITION
260 _aNAGERCOIL
_bSARAS PUBLICATIONS
_c1985
300 _a546
650 _aBIOLOGY REFERENCE
_zINDIA
942 _cBK
999 _c1403
_d1403